Rozhnevané svedomie Ameriky Z programu zimnej časti FFP 86

Bibliographic Details
Main Author: Halas, Juraj, 1953-2019 (Author)
Format: Article
Language:Slovak
Subjects:

MARC

LEADER 00000nab a2200000 a 4500
001 vtls000239578
003 SK-MaSNL
005 20260302211900.0
008 111130c1986 xo 0 slo
015 |a SNBRB19rr/mm-uuuuu 
035 |a CL0249692 
040 |a SNKBUCL  |b slo  |c SNKBUCL  |e AACR2 
041 0 |a slo 
044 |a xo  |c SK 
080 |a 791.43.091.4  |2 1981 
100 1 |a Halas, Juraj,  |d 1953-2019  |4 aut  |9 181897 
245 1 0 |a Rozhnevané svedomie Ameriky  |b Z programu zimnej časti FFP 86  |c Juraj Halas 
650 0 7 |a Filmový festival pracujúcich 1986  |2 snkbucl  |9 933571 
655 7 |a články z novín a časopisov  |2 snkbucl  |9 267496 
773 0 |t Pravda  |g Roč. 67, č. 41 (18. 2. 1986), s. 3 
850 |a Slovenská národná knižnica v Martine  |a MTA001 
852 |a SNK  |b KIS3GCP 
958 |a RK 
992 |a RBX 
999 |c 1486815  |d 1488745